Worlds-antiworlds; antimatter in cosmology.

Bibliographic Details
Main Author: Alfvén, Hannes, 1908-1995
Format: Book
Language:English
Published: San Francisco : W.H. Freeman, [1966]
Subjects:

MARC

Tag First Indicator Second Indicator Subfields
LEADER 00000cam a22000001 4500
001 in00000044109
005 20151007070955.0
008 740625s1966 caua 00000 eng
010 |a  66027947  
035 |a (OCoLC)02120750 
035 |9 AAE5071AM 
040 |a DLC  |c DLC  |d TXA  |d UtOrBLW 
049 |a TXAM  |c [462965] 
050 0 0 |a QB981  |b .A5513 
082 0 |a 523.12 
092 |a 523.12  |b A393w, 1966 
100 1 |a Alfvén, Hannes,  |d 1908-1995. 
245 1 0 |a Worlds-antiworlds; antimatter in cosmology. 
264 1 |a San Francisco :  |b W.H. Freeman,  |c [1966] 
300 |a 103 pages :  |b illustrations ;  |c 21 cm. 
336 |a text  |b txt  |2 rdacontent 
337 |a unmediated  |b n  |2 rdamedia 
338 |a volume  |b nc  |2 rdacarrier 
650 0 |a Cosmogony. 
999 |a MARS 
999 f f |s a0fada60-20c9-31dd-8067-022851d40490  |i 5bc59f6e-c31d-3fc6-9a91-6b4ec7e59a50  |t 0 
952 f f |p normal  |a Texas A&M University  |b College Station  |c Sterling C. Evans Library  |d Evans: Library Stacks  |t 0  |e QB981 .A5513  |h Library of Congress classification  |i unmediated -- volume  |m A14800901130 
998 f f |a QB981 .A5513  |t 0  |l Evans: Library Stacks